00762naa a2200169 i 45000010005000000030009000050050017000140080041000310400026000721000133000982450080002316500016003117110075003277730162004029420013005649990015005778693KOSZ 00520180226134924.0180224s2006 sz |||f| ||||1|| ||eng d cKOSZ 005aKOSZ 005/HR1 aSUSHCH, Volodymyr.d1997 - .bPolitechnika Koszalińska - Wydział Budownictwa i Inżynierii Środowiska,cKatedra Matematyki10aOn a discrete magnetic Laplacian on differential forms /cVolodymyr Sushch. 0aMatematyka.22aInternational Congress of Mathematiciansd(2006 ;cMadryt, Hiszpania).0 iW :tProceedings of the International Congress of Mathematicians : Madrid, August 22-30, 2006. -dZürich : European Mathematical Soc., 2006. -g s. 430-431 cART2UKD c8693d8693